| 000 | 00465nam a2200145 4500 | ||
|---|---|---|---|
| 020 | _a9788131726785 | ||
| 082 | _a621.382 BAT | ||
| 100 | _aBateman, Andrew. | ||
| 245 | _aDigital communications : design for the real world | ||
| 260 |
_aNew Delhi, India _bPearson Educations _c2009 |
||
| 300 |
_axxv, 221 p. _bill. ; _e1 CD-ROM (4 3/4 in.) |
||
| 500 | _aIncludes bibliographical references (p. [209]-210) and index. | ||
| 650 | _aDigital communications. | ||
| 942 | _cBK | ||
| 999 |
_c12322 _d12322 |
||